| 000 | 00664nam a22002177a 4500 | ||
|---|---|---|---|
| 999 |
_c17912 _d17912 |
||
| 003 | AR-CdUCM | ||
| 008 | 190510b ||||| |||| 00| 0 spa d | ||
| 040 |
_aMUNICIPALIDAD PROVINCIAL DEL CUSCO _cBIBLIOTECA MUNICIPAL DEL CUSCO |
||
| 082 |
_a869.241 / _bP19 |
||
| 100 |
_aPalacios, Pedro B. _938153 |
||
| 245 |
_aPoesías / _cAlmafuerte (seudónimo) |
||
| 260 |
_aBuenos Aires : _bTor, _c1957. |
||
| 300 |
_a190 páginas ; _c18 cm. |
||
| 500 | _aAntes del título Almafuerte. | ||
| 505 | _aContenido: Poesías. | ||
| 650 |
_aLiteratura Argentina _984 |
||
| 650 |
_aPoesías _92272 |
||
| 650 |
_aSiglo XX _98 |
||
| 942 |
_2ddc _cLIBROS |
||
| 945 |
_aachl _d2019-05-10 |
||